Statistics for 藩の一覧

Click here to take the quiz!

General Stats

  • This quiz has been taken 96 times
  • The average score is 28 of 175

Answer Stats

ヒント答え% Correct
陸前国伊達氏仙台藩
63%
薩摩国島津氏薩摩藩
61%
陸奥国津軽氏弘前藩
60%
陸前国南部氏盛岡藩
57%
土佐国山内氏土佐藩
55%
岩代国松平氏など会津藩
55%
常陸国 徳川氏水戸藩
54%
羽前国上杉氏米沢藩
49%
加賀国前田氏加賀藩
48%
羽前国最上氏、鳥居氏など山形藩
48%
長門国毛利氏長州藩
43%
陸奥国南部氏八戸藩
42%
岩代国堀田氏、板倉氏など福島藩
39%
羽前国酒井氏庄内藩
39%
下野国奥平氏、戸田氏など宇都宮藩
39%
備前国小早川氏、池田氏岡山藩
37%
肥前国鍋島氏佐賀藩
37%
越後国牧野氏など長岡藩
37%
信濃国水野氏、松平氏など松本藩
36%
越前国松平氏福井藩
36%
因幡国池田氏鳥取藩
34%
上野国安藤氏、松平氏など高崎藩
34%
肥後国加藤氏、細川氏熊本藩
34%
筑前国黒田氏福岡藩
33%
上野国酒井氏、松平氏など前橋藩
33%
紀伊国徳川氏和歌山藩
33%
出雲国堀尾氏、松平氏など松江藩
33%
近江国井伊氏彦根藩
33%
羽後国佐竹氏久保田藩
33%
伊予国富田氏、伊達氏宇和島藩
31%
安芸国福島氏、浅野氏広島藩
31%
甲斐国徳川氏、柳沢氏など甲府藩
30%
相模国大久保氏など小田原藩
30%
豊前国細川氏、小笠原氏小倉藩
30%
磐城国n丹羽氏、松平氏など白河藩
28%
遠江国青山氏、井上氏など浜松藩
28%
伊勢国藤堂氏津藩
28%
讃岐国生駒氏、松平氏高松藩
27%
安房国里見氏、稲葉氏館山藩
27%
信濃国仙石氏、松平氏など上田藩
27%
羽前国戸沢氏新庄藩
27%
播磨国池田氏、酒井氏など姫路藩
27%
尾張国徳川氏名古屋藩
27%
対馬国宗氏対馬藩
27%
伊勢国松平氏など桑名藩
27%
日向国有馬氏、内藤氏など延岡藩
25%
備後国水野氏、阿部氏など福山藩
25%
美濃国戸田氏など大垣藩
25%
肥前国松倉氏、松平氏など島原藩
25%
豊前国小笠原氏、奥平氏など中津藩
24%
阿波国蜂須賀氏徳島藩
22%
大和国本多氏、柳沢氏など郡山藩
22%
伊予国藤堂氏、松平氏今治藩
22%
上野国榊原氏、松平氏など館林藩
22%
羽後国六郷氏本荘藩
22%
下野国本多氏小山藩
21%
伯耆国中村氏など米子藩
21%
筑後国有馬氏久留米藩
21%
羽前国仁賀保氏仁賀保藩
19%
上野国真田氏、土岐氏など沼田藩
19%
越後国松平氏、榊原氏など高田藩
19%
肥前国寺沢氏、小笠原氏など唐津藩
19%
武蔵国秋元氏、松平氏など川越藩
19%
下野国佐野氏、堀田氏佐野藩
19%
岩代国丹羽氏など二本松藩
19%
下総国松平氏、堀田氏など佐倉藩
19%
越後国m溝口氏新発田藩
18%
丹波国朽木氏など福知山藩
18%
信濃国諏訪氏など諏訪藩
18%
ただし馬国杉原氏、京極氏豊岡藩
18%
三河国水野氏、本多氏など岡崎藩
18%
肥後国相良氏人吉藩
18%
下総国結城氏、水野氏結城藩
18%
美作国森氏、松平氏津山藩
18%
若狭国酒井氏など小浜藩
16%
肥前国大村氏大村藩
15%
常陸国西尾氏、土屋氏など土浦藩
15%
信濃国お小笠原氏、堀氏など飯田藩
13%
播磨国浅野氏、森氏など赤穂藩
13%
磐城国秋田氏など三春藩
13%
豊後国竹中氏、松平氏など府内藩
13%
越後国村上氏、内藤氏など村上藩
13%
駿河国水野氏など沼津藩
12%
武蔵国阿部氏、松平氏など忍藩
12%
羽前国藤井松平氏など上山藩
12%
遠江国井伊氏、太田氏など掛川藩
12%
下野国大田原氏大田原藩
12%
磐城国内藤氏、安藤氏など磐城平藩
12%
越前国土井氏など大野藩
12%
和泉国岡部氏など岸和田藩
12%
丹波国松平氏、青山氏など篠山藩
12%
石見国坂崎氏、亀井氏津和野藩
10%
伊予国脇坂氏、加藤氏大洲藩
10%
讃岐国山崎氏、京極氏など丸亀藩
10%
豊後国中川氏岡藩
10%
羽後国岩城氏亀田藩
10%
上野国板倉氏など安中藩
10%
信濃国真田氏など松代藩
10%
磐城国内藤氏、阿部氏など棚倉藩
10%
豊後国稲葉氏臼杵藩
9%
肥前国松浦氏平戸藩
9%
豊後国毛利氏佐伯藩
9%
下野国那須氏、大久保氏など烏山藩
9%
常陸国浅野氏・井上氏など笠間藩
9%
日向国伊東氏飫肥藩
9%
武蔵国永井氏、大岡氏など岩槻藩
7%
肥前国五島氏福江藩
7%
伊勢国石川氏、本多氏など神戸藩
7%
日向国島津氏佐土原藩
7%
石見国本多氏、松平氏など浜田藩
7%
肥後国山崎氏など富岡藩
7%
近江国内藤氏長浜藩
7%
伊予国加藤氏、松平氏など伊予松山藩
6%
上総国青山氏、松平氏など大多喜藩
6%
筑後国田中氏、立花氏柳河藩
6%
磐城国相馬氏相馬中村藩
6%
豊後国松平氏など杵築藩
6%
常陸国水谷氏、石川氏など下館藩
6%
丹後国京極氏、松平氏など宮津藩
6%
下総国土井氏、松平氏など古河藩
6%
播磨国小笠原氏、松平氏など明石藩
6%
越前国本多氏、有馬氏丸岡藩
6%
日向国秋月氏高鍋藩
6%
因幡国山崎氏若桜藩
4%
大和国植村氏など高取藩
4%
伊賀国筒井氏伊賀上野藩
4%
美濃国松平氏、永井氏など加納藩
4%
摂津国青山氏、松平氏など尼崎藩
4%
摂津国土岐氏、永井氏など高槻藩
4%
信濃国保科氏、内藤氏など高遠藩
4%
遠江国田沼氏など相良藩
3%
下総国酒井氏臼井藩
3%
下野国三浦氏、鳥居氏など壬生藩
3%
摂津国九鬼氏など三田藩
3%
備中国板倉氏など備中松山藩
3%
豊後国木下氏日出藩
3%
上総国土屋氏、黒田氏など久留里藩
3%
丹波国小出氏園部藩
3%
美濃国遠藤氏、青山氏など郡上藩
3%
近江国本多氏など膳所藩
3%
ただし馬国小出氏、仙石氏など出石藩
3%
信濃国仙石氏、牧野氏など小諸藩
3%
下野国皆川氏、米倉氏など
皆川藩
1%
豊後国松平氏豊後高田藩
1%
武蔵国松平氏、酒井氏深谷藩
1%
上野国諏訪氏、秋元氏など総社藩
1%
三河国三宅氏、内藤氏など挙母藩
1%
三河国土井氏、松平氏など西尾藩
1%
志摩国九鬼氏、稲垣氏など鳥羽藩
1%
信濃国佐久間氏、本多氏など飯山藩
1%
播磨国脇坂氏など龍野藩
1%
美濃国n丹羽氏、松平氏岩村藩
1%
丹波国前田氏、松平氏など丹波亀山藩
1%
三河国小笠原氏、松平氏など三河吉田藩
1%
下総国板倉氏、久世氏など関宿藩
1%
美濃国遠山氏苗木藩
1%
駿河国天野氏興国寺藩
0%
飛騨国金森氏飛騨高山藩
0%
琉球国尚氏r琉球王国
0%
山城国稲葉氏など淀藩
0%
甲斐国鳥居氏、秋元氏谷村藩
0%
越後国堀氏村松藩
0%
越前国松平氏、小笠原氏越前勝山藩
0%
駿河国本多氏など田中藩
0%
遠江国大須賀氏、西尾氏など横須賀藩
0%
上総国松平氏、阿部氏など佐貫藩
0%
美作国三浦氏美作勝山藩
0%
三河国稲垣氏、土井氏など刈谷藩
0%
因幡国亀井氏など鹿野藩
0%
伊勢国松平氏、増山氏長島藩
0%
伊勢国板倉氏、石川氏など伊勢亀山藩
0%
伊勢国久野氏など田丸藩
0%
近江国加藤氏など水口藩
0%
丹後国京極氏、牧野氏丹後田辺藩
0%
三河国戸田氏、三宅氏田原藩
0%

Score Distribution

Percentile by Number Answered

Percent of People with Each Score

Your Score History

You have not taken this quiz